000 00821cam a2200253 4500
001
008 090401t2000 xxu||||| |||| 00| 0 eng d
020 _a1901956261
035 _a(Sirsi) u99793
041 _aeng
050 _a336.21
100 _aBrown, P. K.
110 _aInstitute of Revenues, Rating and Valuation
_92992
245 _aContractors basis of valuation.
260 _aLondon
_bIRRV
_c2000
300 _ax,244p. ; 30cm.
350 _a43.53
520 _aReviews the development of the valuation basis, examines the underlying principles of the approach and considers the detailed application of the basis for the 2000 revaluation. Includes case summaries.
650 _aCONTRACTORS BASIS
650 _aLAW CASES
690 _aRATING AND LOCAL TAXATION
942 _n0
948 _c23/03/1999
999 _c99456
_d99456